Dlhodobá nezamestnanosť a prístupy k riešeniu vo vybranom regióne bakalárska práca

Salvato in:
Dettagli Bibliografici
Autore principale: Polorecký, Peter
Ente Autore: Národohospodárska fakulta EU. Katedra sociálneho rozvoja a práce
Altri autori: Pogány, Tomáš
Natura: Libro
Lingua:slovacco
Pubblicazione: Bratislava 2013
Tags: Aggiungi Tag
Nessun Tag, puoi essere il primo ad aggiungerne!!

MARC

LEADER 00000nbm a2200000 4500
001 0172713
005 20161109112112.8
041 0 |a slo 
044 |a SK 
245 1 0 |a Dlhodobá nezamestnanosť a prístupy k riešeniu vo vybranom regióne  |b bakalárska práca  |c Peter Polorecký ; školiteľ: Tomáš Pogány 
264 1 |a Bratislava  |c 2013 
300 |a 58 s. 
100 1 |a Polorecký, Peter 
700 1 |a Pogány, Tomáš 
710 2 |a Národohospodárska fakulta EU. Katedra sociálneho rozvoja a práce